000 00374nam a2200157Ia 4500
008 210716s2011 xx 000 0 und d
020 _a9789380902289
041 _aeng
082 _a658.4095 SHAS
100 _aSharma, Sandeep.
245 _aEvent planning and management
250 _a1
260 _aNew Delhi
_c2011
300 _a297
650 _aGeneral Management
999 _c208761
_d208761